Effect of spraying insecticide to control brown planthopper on natural enemies population in rice ecosystem,(ឥទ្ធិពលនៃការបាញ់ថ្នាំសម្លាប់សត្វមមាចត្នោត លើប្រជាករ សត្វមានប្រយោជន៍ក្នុងប្រព័ន្ធបរិស្ថានដំណាំស្រូវ) (Record no. 1236)
[ view plain ]
| 000 -LEADER | |
|---|---|
| fixed length control field | 00754nam a22001577a 4500 |
| 003 - CONTROL NUMBER IDENTIFIER | |
| control field | OSt |
| 005 - DATE AND TIME OF LATEST TRANSACTION | |
| control field | 20150925095255.0 |
| 008 - FIXED-LENGTH DATA ELEMENTS--GENERAL INFORMATION | |
| fixed length control field | 150925b xxu||||| |||| 00| 0 eng d |
| 040 ## - CATALOGING SOURCE | |
| Transcribing agency | RUA |
| 082 ## - DEWEY DECIMAL CLASSIFICATION NUMBER | |
| Classification number | AGR SRE 2012 B052 Or.1 |
| 100 ## - MAIN ENTRY--PERSONAL NAME | |
| 9 (RLIN) | 1307 |
| Personal name | SRENG BUNSOK |
| 245 ## - TITLE STATEMENT | |
| Title | Effect of spraying insecticide to control brown planthopper on natural enemies population in rice ecosystem,(ឥទ្ធិពលនៃការបាញ់ថ្នាំសម្លាប់សត្វមមាចត្នោត លើប្រជាករ សត្វមានប្រយោជន៍ក្នុងប្រព័ន្ធបរិស្ថានដំណាំស្រូវ) |
| 260 ## - PUBLICATION, DISTRIBUTION, ETC. (IMPRINT) | |
| Place of publication, distribution, etc. | phnom penh |
| Name of publisher, distributor, etc. | RUA |
| Date of publication, distribution, etc. | 2012 |
| 300 ## - PHYSICAL DESCRIPTION | |
| Extent | xi, 52p. |
| 942 ## - ADDED ENTRY ELEMENTS (KOHA) | |
| Source of classification or shelving scheme | |
| Koha item type | AGR |
| Price effective from | Date last seen | Permanent Location | Not for loan | Date acquired | Source of classification or shelving scheme | Koha item type | Lost status | Withdrawn status | Date last checked out | Total Checkouts | Shelving location | Damaged status | Barcode | Checked out | Current Location | Full call number |
|---|---|---|---|---|---|---|---|---|---|---|---|---|---|---|---|---|
| 2015-09-25 | 2025-07-22 | Library Block B | 2015-09-25 | AGR | 2025-06-21 | 2 | B052 | RUA005833 | Library Block B | AGR SRE 2012 B052 Or.1 | ||||||
| 2015-09-25 | 2025-07-21 | Library Block B | 2015-09-25 | AGR | 2025-07-15 | 3 | B052 | RUA004768 | Library Block B | AGR SRE 2012 B052 Or.2 | ||||||
| 2015-09-25 | 2025-08-22 | Library Block B | 2015-09-25 | AGR | 2025-08-08 | 4 | B052 | RUA005504 | Library Block B | AGR SRE 2012 B052 Or.3 | ||||||
| 2015-09-25 | 2026-06-19 | Library Block B | 2015-09-25 | AGR | 2026-06-19 | 5 | B052 | RUA009504 | 2026-07-07 | Library Block D | AGR SRE 2012 B052 Or.4 |